[Event "DVM U14 2010"]
[Site "Magdeburg GER"]
[Date "2010.12.28"]
[Round "3"]
[White "Kieslich, Aaron"]
[Black "Grigorian, Spartak"]
[Result "1/2-1/2"]
[Termination "normal"]
[Board "8.1"]
[WhiteElo "1831"]
[BlackElo "1869"]
[WhiteTeam "TuS Coswig 1920"]
[BlackTeam "SK Wildeshausen"]
[PlyCount "75"]
[WhiteFideId "1270391"]
[BlackFideId "24661490"]
[EventCountry "GER"]
[EventRounds "7"]
[EventType "team-swiss"]
[EventDate "2010.12.26"]

1. e4 c5 2. Nf3 d6 3. d4 cxd4 4. Nxd4 Nf6 5. Nc3 a6 6. f3 e5 7. Nb3 Be6 8. Be3
Be7 9. Qd2 O-O 10. O-O-O Nbd7 11. Kb1 b5 12. g4 b4 13. Na4 a5 14. h4 Qc7 15.
Nc1 Qc6 16. b3 Rfd8 17. h5 d5 18. g5 d4 19. Bf2 Ne8 20. Nd3 Nd6 21. Ndb2 Rdc8
22. Bd3 Rc7 23. Rdg1 Nb5 24. Bxb5 Qxb5 25. g6 Rac8 26. gxh7+ Kh8 27. Rc1 Nf8
28. h6 g6 29. f4 f6 30. fxe5 fxe5 31. Nd3 Kxh7 32. Bh4 Bxh4 33. Rxh4 Rf7 34.
Rhh1 Nd7 35. Rhg1 Rcf8 36. Qg5 Rf6 37. Nab2 R8f7 38. Rce1 1/2-1/2

[Event "DVM U14 2010"]
[Site "Magdeburg GER"]
[Date "2010.12.28"]
[Round "3"]
[White "Finke, Maurice"]
[Black "Linnemann, Niklas"]
[Result "1-0"]
[Termination "normal"]
[Board "8.2"]
[WhiteElo "1738"]
[BlackElo "1861"]
[WhiteTeam "SK Wildeshausen"]
[BlackTeam "TuS Coswig 1920"]
[PlyCount "49"]
[WhiteFideId "12909580"]
[BlackFideId "24695645"]
[EventCountry "GER"]
[EventRounds "7"]
[EventType "team-swiss"]
[EventDate "2010.12.26"]

1. d4 Nf6 2. c4 g6 3. Nf3 Bg7 4. Nc3 d5 5. cxd5 Nxd5 6. e4 Nxc3 7. bxc3 O-O 8.
Be2 c5 9. O-O Bg4 10. Rb1 Qc7 11. h3 Bxf3 12. Bxf3 cxd4 13. cxd4 Nc6 14. e5
Rfd8 15. Be3 Bxe5 16. Qb3 Bh2+ 17. Kh1 Rdb8 18. Rfc1 e6 19. Qc2 Rc8 20. g3 Bxg3
21. fxg3 Qxg3 22. Qg2 Qh4 23. Rc4 Na5 24. Bg5 Qxg5 25. Rxc8+ 1-0

[Event "DVM U14 2010"]
[Site "Magdeburg GER"]
[Date "2010.12.28"]
[Round "3"]
[White "Pührer, Anne"]
[Black "Duchow, Julien"]
[Result "1-0"]
[Termination "normal"]
[Board "8.3"]
[WhiteElo "1714"]
[BlackElo "1568"]
[WhiteTeam "TuS Coswig 1920"]
[BlackTeam "SK Wildeshausen"]
[PlyCount "71"]
[WhiteFideId "24692247"]
[EventCountry "GER"]
[EventRounds "7"]
[EventType "team-swiss"]
[EventDate "2010.12.26"]

1. e4 e5 2. Nf3 Nc6 3. d4 exd4 4. Nxd4 Bc5 5. Be3 Qf6 6. c3 Ne5 7. Be2 a6 8.
O-O Ne7 9. f4 N5g6 10. e5 Qb6 11. b4 Bxd4 12. Bxd4 c5 13. Bxc5 Qd8 14. Bg4 Nh4
15. Qd3 b6 16. Bf2 Nhg6 17. Qe4 Rb8 18. f5 Bb7 19. Qe3 Nd5 20. Qd4 Nf8 21. Bf3
Ne7 22. Bxb7 Rxb7 23. Bh4 h6 24. f6 gxf6 25. Rxf6 Ne6 26. Qf2 Rf8 27. Rxh6 d6
28. exd6 Qxd6 29. Nd2 Qc6 30. c4 Ng6 31. Bg3 Re7 32. Qf3 Qc8 33. Bd6 Rd7 34.
Ne4 Qxc4 35. Nf6+ Kd8 36. Qa8+ 1-0

[Event "DVM U14 2010"]
[Site "Magdeburg GER"]
[Date "2010.12.28"]
[Round "3"]
[White "Stukenborg, Rudi"]
[Black "Bechler, Lukas"]
[Result "1-0"]
[Termination "normal"]
[Board "8.4"]
[WhiteElo "1405"]
[BlackElo "1430"]
[WhiteTeam "SK Wildeshausen"]
[BlackTeam "TuS Coswig 1920"]
[PlyCount "65"]
[WhiteFideId "1270497"]
[BlackFideId "12927597"]
[EventCountry "GER"]
[EventRounds "7"]
[EventType "team-swiss"]
[EventDate "2010.12.26"]

1. e4 e6 2. d4 d5 3. Nc3 Nf6 4. e5 Nfd7 5. Nf3 c5 6. dxc5 Bxc5 7. Bd3 Nc6 8.
Bf4 Qb6 9. O-O Qxb2 10. Nb5 O-O 11. Bxh7+ Kh8 12. Bd3 Qb4 13. Ng5 g6 14. Qg4
Kg7 15. Nxe6+ Kg8 16. Nxf8 Nxf8 17. Qg5 Ne7 18. Nc7 Rb8 19. Ne8 Nh7 20. Nf6+
Kg7 21. Nxh7 Kxh7 22. Qh4+ Kg8 23. Qf6 Nc6 24. e6 Bxe6 25. Bxb8 Be7 26. Qf4
Nxb8 27. Qxb8+ Kg7 28. Qe5+ Bf6 29. Qe1 Qf4 30. Qe3 Qh4 31. Be2 d4 32. Qg3 Qe4
33. Bd3 1-0

[Event "DVM U14 2010"]
[Site "Magdeburg GER"]
[Date "2010.12.28"]
[Round "4"]
[White "Knopf, Felix"]
[Black "Urban, Lars"]
[Result "0-1"]
[Termination "normal"]
[Board "1.1"]
[WhiteElo "1718"]
[BlackElo "1881"]
[WhiteTeam "SV Merseburg"]
[BlackTeam "SV Empor Erfurt"]
[PlyCount "68"]
[WhiteFideId "24692204"]
[BlackFideId "4644034"]
[EventCountry "GER"]
[EventRounds "7"]
[EventType "team-swiss"]
[EventDate "2010.12.26"]

1. d4 e6 2. Nf3 d5 3. c4 Nf6 4. Nc3 Nbd7 5. Bg5 Bb4 6. e3 c5 7. a3 Bxc3+ 8.
bxc3 Qa5 9. Qb3 cxd4 10. exd4 O-O 11. Bd2 Ne4 12. Bd3 dxc4 13. Bxc4 Ndf6 14.
O-O Nxd2 15. Nxd2 Bd7 16. Bd3 Bc6 17. Qc2 Rac8 18. c4 Qg5 19. f3 Qe3+ 20. Kh1
Qxd4 21. Rad1 Qd6 22. c5 Qe7 23. Rc1 Bd5 24. Qa4 a6 25. Ne4 Nxe4 26. fxe4 Bc6
27. Qc2 e5 28. Qf2 Rcd8 29. Rcd1 Rd4 30. Qf5 Ba4 31. Rd2 Bb5 32. Rf3 Rfd8 33.
Rh3 g6 34. Qf1 Qxc5 0-1

[Event "DVM U14 2010"]
[Site "Magdeburg GER"]
[Date "2010.12.28"]
[Round "4"]
[White "Zahn, Alina"]
[Black "Hoffmann, Dustin"]
[Result "1-0"]
[Termination "normal"]
[Board "1.2"]
[WhiteElo "1584"]
[BlackElo "1751"]
[WhiteTeam "SV Empor Erfurt"]
[BlackTeam "SV Merseburg"]
[PlyCount "41"]
[WhiteFideId "24696730"]
[BlackFideId "1270566"]
[EventCountry "GER"]
[EventRounds "7"]
[EventType "team-swiss"]
[EventDate "2010.12.26"]

1. e4 e5 2. Nf3 Nf6 3. Nc3 Nc6 4. Be2 Bc5 5. Nxe5 Bxf2+ 6. Kxf2 Nxe5 7. Rf1 d6
8. Kg1 O-O 9. d4 Ng6 10. Bg5 Kh8 11. Nd5 Nxd5 12. Bxd8 Ne3 13. Qd3 Nxf1 14.
Rxf1 Rxd8 15. Rxf7 Bd7 16. Bh5 Kg8 17. Rf2 Rf8 18. Qc4+ Kh8 19. Rxf8+ Rxf8 20.
Qxc7 Bc6 21. d5 1-0

[Event "DVM U14 2010"]
[Site "Magdeburg GER"]
[Date "2010.12.28"]
[Round "4"]
[White "Feuerherdt, Martin"]
[Black "Schneider, Jan"]
[Result "1/2-1/2"]
[Termination "normal"]
[Board "1.3"]
[WhiteElo "1471"]
[BlackElo "1765"]
[WhiteTeam "SV Merseburg"]
[BlackTeam "SV Empor Erfurt"]
[PlyCount "59"]
[WhiteFideId "12910341"]
[BlackFideId "24678716"]
[EventCountry "GER"]
[EventRounds "7"]
[EventType "team-swiss"]
[EventDate "2010.12.26"]

1. e4 e5 2. Nf3 Nc6 3. Bc4 Nf6 4. d3 Bc5 5. c3 O-O 6. O-O d6 7. Bg5 h6 8. Bh4
Bg4 9. Nbd2 Bb6 10. Re1 Re8 11. h3 Bh5 12. Nf1 a6 13. Ng3 Bg6 14. Bd5 Rb8 15.
Qd2 Na7 16. d4 c6 17. dxe5 dxe5 18. Bb3 Qxd2 19. Nxd2 Nb5 20. Nc4 Bc7 21. Rad1
Rbd8 22. Bxf6 gxf6 23. a4 Nd6 24. Nxd6 Bxd6 25. Re3 Bc7 26. Red3 Rxd3 27. Rxd3
Rd8 28. Rxd8+ Bxd8 29. Nf5 Bxf5 30. exf5 1/2-1/2

[Event "DVM U14 2010"]
[Site "Magdeburg GER"]
[Date "2010.12.28"]
[Round "4"]
[White "Scheuch, Benjamin"]
[Black "Jacob, Hannes"]
[Result "1-0"]
[Termination "normal"]
[Board "1.4"]
[WhiteElo "1510"]
[BlackElo "1532"]
[WhiteTeam "SV Empor Erfurt"]
[BlackTeam "SV Merseburg"]
[PlyCount "59"]
[BlackFideId "12910350"]
[EventCountry "GER"]
[EventRounds "7"]
[EventType "team-swiss"]
[EventDate "2010.12.26"]

1. e4 e5 2. Nf3 Nc6 3. Bc4 Nf6 4. d3 Be7 5. c3 O-O 6. Nbd2 d5 7. Bb3 Bg4 8. Qe2
Re8 9. h3 Bxf3 10. Nxf3 Qd7 11. O-O Bc5 12. Bg5 dxe4 13. dxe4 Nh5 14. Rad1 Bd6
15. c4 b6 16. Ba4 f6 17. Be3 Nf4 18. Bxf4 exf4 19. c5 bxc5 20. Qb5 Ne5 21. Qxd7
Nxd7 22. Bxd7 Re7 23. Bc6 Rb8 24. Bd5+ Kf8 25. b3 g5 26. Rc1 Rg7 27. Be6 h5 28.
Nh2 Ke7 29. Bf5 Rh8 30. f3 1-0

[Event "DVM U14 2010"]
[Site "Magdeburg GER"]
[Date "2010.12.28"]
[Round "4"]
[White "Grötzbach, Julian"]
[Black "Mittelstädt, Joel"]
[Result "0-1"]
[Termination "normal"]
[Board "2.1"]
[WhiteElo "1879"]
[BlackElo "1643"]
[WhiteTeam "Hamburger SK von 1830"]
[BlackTeam "SC GW Baumschulenweg"]
[PlyCount "112"]
[WhiteFideId "24600938"]
[BlackFideId "12910368"]
[EventCountry "GER"]
[EventRounds "7"]
[EventType "team-swiss"]
[EventDate "2010.12.26"]

1. e4 c6 2. d4 d5 3. Nd2 dxe4 4. Nxe4 Bf5 5. Ng3 Bg6 6. h4 h6 7. Nf3 Nd7 8. h5
Bh7 9. Bd3 Bxd3 10. Qxd3 e6 11. Bf4 Qa5+ 12. Bd2 Qc7 13. O-O-O Ngf6 14. Ne4
Nxe4 15. Qxe4 Nf6 16. Qe2 O-O-O 17. g3 Rd5 18. c4 Rxh5 19. Rhg1 Nd7 20. g4 Rh3
21. Ne1 h5 22. g5 Rh4 23. Be3 Bd6 24. Nd3 e5 25. c5 Be7 26. dxe5 Nxe5 27. f4
Nxd3+ 28. Qxd3 g6 29. Qe2 Rd8 30. Rxd8+ Bxd8 31. Qf2 Rg4 32. Rd1 Qe7 33. Qd2
Bc7 34. Re1 Qe6 35. Kb1 Qe4+ 36. Ka1 Rg2 37. Qc3 Rc2 38. Qh8+ Bd8 39. Rd1 Qe7
40. Bc1 Rxc5 41. b3 Rd5 42. Rxd5 cxd5 43. Qc3+ Bc7 44. Qh8+ Kd7 45. Qd4 Qd6 46.
Qxa7 Qc6 47. Qe3 Ba5 48. Bb2 Qc2 49. Qh3+ Qf5 50. Qe3 Qe6 51. Qc5 Qe1+ 52. Bc1
Qc3+ 53. Qxc3 Bxc3+ 54. Kb1 Bd4 55. Kc2 h4 56. f5 gxf5 0-1

[Event "DVM U14 2010"]
[Site "Magdeburg GER"]
[Date "2010.12.28"]
[Round "4"]
[White "Kramer, Julian"]
[Black "Spilke, Paul"]
[Result "1-0"]
[Termination "normal"]
[Board "2.3"]
[WhiteElo "1816"]
[BlackElo "1628"]
[WhiteTeam "Hamburger SK von 1830"]
[BlackTeam "SC GW Baumschulenweg"]
[PlyCount "116"]
[WhiteFideId "12921742"]
[EventCountry "GER"]
[EventRounds "7"]
[EventType "team-swiss"]
[EventDate "2010.12.26"]

1. e4 e6 2. d4 d5 3. Nc3 Nf6 4. Bg5 Bb4 5. e5 h6 6. Bd2 Bxc3 7. Bxc3 Ne4 8. Qg4
Qg5 9. Qxg5 Nxg5 10. f3 Bd7 11. h4 Nh7 12. O-O-O Nc6 13. Nh3 O-O-O 14. Nf4 Rdg8
15. Bd3 Nf8 16. Nh5 Be8 17. g4 Nd7 18. Rde1 a6 19. b3 Nd8 20. Bb2 f5 21. c4 c6
22. Ng3 fxg4 23. fxg4 g5 24. h5 Rf8 25. Rhf1 Rhg8 26. Rxf8 Rxf8 27. Rf1 Rxf1+
28. Nxf1 c5 29. Bg6 Bf7 30. cxd5 Bg8 31. dxe6 Nxe6 32. d5 Nd4 33. e6 Nf6 34.
Bf5 Kd8 35. Bxd4 cxd4 36. d6 Nd5 37. e7+ Nxe7 38. dxe7+ Kxe7 39. Kd2 Kd6 40.
Kd3 Ke5 41. Nd2 b5 42. Nf3+ Kf4 43. Nxd4 Bd5 44. Ne6+ Kg3 45. Nxg5 a5 46. Ne4+
Kf4 47. Nc3 Bf3 48. Ne2+ Kg5 49. Nd4 Bxg4 50. Bxg4 Kxg4 51. Nxb5 Kxh5 52. Ke3
Kg4 53. Kf2 Kf4 54. a3 Ke4 55. b4 axb4 56. axb4 Kd5 57. Na3 Kc6 58. Nc2 Kb5 1-0

[Event "DVM U14 2010"]
[Site "Magdeburg GER"]
[Date "2010.12.28"]
[Round "4"]
[White "Siegemund, Georg"]
[Black "Sander, Jean Louis"]
[Result "0-1"]
[Termination "normal"]
[Board "2.4"]
[WhiteElo "1510"]
[BlackElo "1822"]
[WhiteTeam "SC GW Baumschulenweg"]
[BlackTeam "Hamburger SK von 1830"]
[PlyCount "94"]
[BlackFideId "12903280"]
[EventCountry "GER"]
[EventRounds "7"]
[EventType "team-swiss"]
[EventDate "2010.12.26"]

1. d4 Nf6 2. c4 e6 3. Nc3 Bb4 4. e3 O-O 5. Bd3 c5 6. Nf3 Bxc3+ 7. bxc3 d6 8.
O-O Nbd7 9. Qc2 h6 10. Nd2 e5 11. Nb3 Re8 12. f3 cxd4 13. cxd4 d5 14. Nd2 exd4
15. exd4 dxc4 16. Nxc4 Nb6 17. Bb2 Nxc4 18. Bxc4 Be6 19. Bb3 Rc8 20. Qd3 Nh5
21. Qb5 Nf4 22. Rfe1 Bd7 23. Rxe8+ Qxe8 24. Qe5 Qxe5 25. dxe5 Be6 26. Bxe6 fxe6
27. Rd1 Rc2 28. Rd8+ Kh7 29. Ba3 Rxg2+ 30. Kf1 Rxa2 31. Bc5 b6 32. Be3 Ng6 33.
f4 Ra4 34. Ra8 b5 35. Rxa7 Rxa7 36. Bxa7 Nxf4 37. Be3 Nd5 38. Bd4 Kg6 39. Kf2
Kf5 40. Kf3 g5 41. h3 h5 42. Bb2 Nb6 43. Kg3 Nc4 44. Bc3 Nxe5 45. Bd4 Nc6 46.
Bb2 e5 47. Kf3 b4 0-1

[Event "DVM U14 2010"]
[Site "Magdeburg GER"]
[Date "2010.12.28"]
[Round "4"]
[White "Kulok, Solomon"]
[Black "Berkes, Alexander"]
[Result "1-0"]
[Termination "normal"]
[Board "3.1"]
[WhiteElo "1638"]
[BlackElo "1842"]
[WhiteTeam "Noris-Tarrasch Nürnberg"]
[BlackTeam "SK Langen"]
[PlyCount "68"]
[WhiteFideId "24652210"]
[BlackFideId "12901636"]
[EventCountry "GER"]
[EventRounds "7"]
[EventType "team-swiss"]
[EventDate "2010.12.26"]

1. e4 e5 2. Nf3 d6 3. Bc4 Be7 4. O-O Nf6 5. Re1 O-O 6. d3 c6 7. Bb3 Bg4 8. h3
Bh5 9. Nbd2 Qc7 10. g4 Bg6 11. Nf1 Nbd7 12. Ng3 d5 13. Nf5 Bc5 14. Qe2 Rfe8 15.
Qf1 h5 16. Qg2 Bb6 17. N3h4 Nf8 18. c3 Rad8 19. Bg5 hxg4 20. hxg4 N8h7 21. Bc1
a6 22. g5 Nh5 23. exd5 Bxf5 24. Nxf5 Qd7 25. Ng3 Nf4 26. Bxf4 exf4 27. Rxe8+
Rxe8 28. dxc6 Qxc6 29. Qxc6 bxc6 30. g6 Ng5 31. gxf7+ Nxf7 32. Ne4 Kf8 33. Bxf7
Rxe4 34. dxe4 Kxf7 1-0

[Event "DVM U14 2010"]
[Site "Magdeburg GER"]
[Date "2010.12.28"]
[Round "4"]
[White "Franz, Attila"]
[Black "Myagkov, Kirill"]
[Result "1/2-1/2"]
[Termination "normal"]
[Board "3.2"]
[WhiteElo "1546"]
[BlackElo "1829"]
[WhiteTeam "SK Langen"]
[BlackTeam "Noris-Tarrasch Nürnberg"]
[PlyCount "98"]
[WhiteFideId "12927570"]
[BlackFideId "24657042"]
[EventCountry "GER"]
[EventRounds "7"]
[EventType "team-swiss"]
[EventDate "2010.12.26"]

1. e4 e6 2. Nf3 d5 3. exd5 exd5 4. d4 Bd6 5. Bd3 Ne7 6. O-O O-O 7. Re1 Bf5 8.
c3 Nd7 9. Be3 c6 10. Qc2 Bxd3 11. Qxd3 Ng6 12. Nbd2 Qc7 13. Nf1 Nf4 14. Bxf4
Bxf4 15. Re2 Nf6 16. Rae1 Ne4 17. g3 Bd6 18. N3d2 f5 19. Kg2 Qd7 20. f3 Ng5 21.
h4 Nf7 22. f4 Nh6 23. Nh2 Rfe8 24. Rxe8+ Rxe8 25. Re3 Rxe3 26. Qxe3 Qe7 27.
Qxe7 Bxe7 28. Ndf3 c5 29. Ne5 cxd4 30. cxd4 Bb4 31. Kf2 Nf7 32. Nxf7 Kxf7 33.
Nf3 h6 34. a3 Ba5 35. b4 Bb6 36. Ke3 Ke6 37. Kd3 Bd8 38. Kc3 Be7 39. Kb3 b5 40.
Kc3 Bd8 41. h5 a6 42. Kd3 Be7 43. Kc3 Bd8 44. Ne5 Bc7 45. Nd3 Kf6 46. Ne5 Ke6
47. Kb3 Bb6 48. Nf3 Kf6 49. Kc3 Ke6 1/2-1/2

[Event "DVM U14 2010"]
[Site "Magdeburg GER"]
[Date "2010.12.28"]
[Round "4"]
[White "Yarsev, Alexander"]
[Black "Bingert, Tim Niklas"]
[Result "1/2-1/2"]
[Termination "normal"]
[Board "3.3"]
[WhiteElo "1648"]
[BlackElo "1761"]
[WhiteTeam "Noris-Tarrasch Nürnberg"]
[BlackTeam "SK Langen"]
[PlyCount "54"]
[WhiteFideId "24690252"]
[BlackFideId "12917907"]
[EventCountry "GER"]
[EventRounds "7"]
[EventType "team-swiss"]
[EventDate "2010.12.26"]

1. d4 Nf6 2. Bf4 d6 3. Nf3 Nbd7 4. Nbd2 c5 5. c3 Qc7 6. Rc1 b6 7. e3 Bb7 8. Bd3
g6 9. e4 Bg7 10. e5 dxe5 11. Nxe5 Nxe5 12. Bxe5 Qc6 13. Nf3 O-O 14. Qe2 e6 15.
O-O Nd7 16. Bb5 Qc8 17. Bxg7 Bxf3 18. Qxf3 Kxg7 19. Bxd7 Qxd7 20. dxc5 bxc5 21.
Rfd1 Qa4 22. a3 Rad8 23. Qe2 Qa5 24. h3 Qc7 25. Rxd8 Rxd8 26. Rd1 Rxd1+ 27.
Qxd1 e5 1/2-1/2

[Event "DVM U14 2010"]
[Site "Magdeburg GER"]
[Date "2010.12.28"]
[Round "4"]
[White "Anders, Eric"]
[Black "Chen, Yilun"]
[Result "1-0"]
[Termination "normal"]
[Board "3.4"]
[WhiteElo "1710"]
[BlackElo "1420"]
[WhiteTeam "SK Langen"]
[BlackTeam "Noris-Tarrasch Nürnberg"]
[PlyCount "61"]
[WhiteFideId "1272110"]
[BlackFideId "12913219"]
[EventCountry "GER"]
[EventRounds "7"]
[EventType "team-swiss"]
[EventDate "2010.12.26"]

1. e4 e5 2. Nf3 Nc6 3. Bc4 Bc5 4. Nc3 d6 5. h3 Be6 6. Bb3 Qd7 7. d3 h6 8. Be3
Bb6 9. d4 exd4 10. Nxd4 Nge7 11. Qd2 Ne5 12. f4 Nc4 13. Bxc4 Bxc4 14. b3 Ba6
15. Na4 c5 16. Nxb6 axb6 17. Nf3 O-O-O 18. O-O-O Qc6 19. Rhe1 Kc7 20. Qc3 f6
21. e5 Nd5 22. Qd2 Rhe8 23. Qxd5 Qxd5 24. Rxd5 Kc6 25. Red1 Re6 26. c4 Rd7 27.
a4 Rd8 28. f5 Re7 29. Rxd6+ Rxd6 30. Rxd6+ Kc7 31. Rd5 1-0

[Event "DVM U14 2010"]
[Site "Magdeburg GER"]
[Date "2010.12.28"]
[Round "4"]
[White "Viereck, Marten"]
[Black "Noe, Christopher"]
[Result "1-0"]
[Termination "normal"]
[Board "4.1"]
[WhiteElo "1915"]
[BlackElo "1859"]
[WhiteTeam "SV Dresden-Striessen 1990"]
[BlackTeam "SC Eppingen"]
[PlyCount "115"]
[WhiteFideId "24692190"]
[BlackFideId "24692018"]
[EventCountry "GER"]
[EventRounds "7"]
[EventType "team-swiss"]
[EventDate "2010.12.26"]

1. Nf3 c5 2. g3 g6 3. Bg2 Bg7 4. O-O Nc6 5. c4 e6 6. e4 Nge7 7. Nc3 O-O 8. d3
a6 9. Be3 Nd4 10. Qd2 Re8 11. Ne2 Nec6 12. Nexd4 cxd4 13. Bh6 Bh8 14. Ng5 Ne5
15. Qe2 Qb6 16. b3 f6 17. f4 Nc6 18. Nh3 Nd8 19. Qg4 Nf7 20. Qh4 d6 21. Rf2 Qa5
22. g4 Bd7 23. Raf1 Qd8 24. g5 Bc6 25. gxf6 Bxf6 26. Ng5 Nxh6 27. Qxh6 Qe7 28.
Bh3 Bd7 29. Rg2 Qg7 30. Qxg7+ Bxg7 31. Re2 Re7 32. e5 dxe5 33. fxe5 Bh6 34. Rg2
Rf8 35. Rxf8+ Kxf8 36. Rg4 Bc6 37. Bg2 Kg7 38. h4 Bxg5 39. hxg5 Bxg2 40. Kxg2
Rd7 41. Rh4 Kh8 42. Kg3 a5 43. a3 b6 44. Rf4 Kg7 45. Rf6 Re7 46. Kf4 h6 47.
gxh6+ Kxh6 48. Kg4 Re8 49. b4 axb4 50. axb4 Re7 51. b5 Kg7 52. Kg5 Re8 53.
Rxg6+ Kf7 54. Rh6 Rg8+ 55. Kf4 Rg7 56. Rf6+ Ke7 57. Ke4 Rg4+ 58. Rf4 1-0

[Event "DVM U14 2010"]
[Site "Magdeburg GER"]
[Date "2010.12.28"]
[Round "4"]
[White "Hahn, Cedric"]
[Black "Christen, Alexander"]
[Result "1-0"]
[Termination "normal"]
[Board "4.2"]
[WhiteElo "1579"]
[BlackElo "1474"]
[WhiteTeam "SC Eppingen"]
[BlackTeam "SV Dresden-Striessen 1990"]
[PlyCount "133"]
[WhiteFideId "12910538"]
[BlackFideId "12927660"]
[EventCountry "GER"]
[EventRounds "7"]
[EventType "team-swiss"]
[EventDate "2010.12.26"]

1. e4 e5 2. Nf3 Nc6 3. Bb5 a6 4. Ba4 Bc5 5. O-O d6 6. Nc3 Bg4 7. d3 b5 8. Bb3
Nd4 9. Bxf7+ Kxf7 10. Ng5+ Qxg5 11. f3 Qg6 12. fxg4+ Ke8 13. Kh1 Ne7 14. Be3
Kd7 15. Nd5 Nxd5 16. exd5 Rhf8 17. Rg1 Nb3 18. Bxc5 Nxc5 19. h3 Na4 20. b3 Nc3
21. Qd2 Nxd5 22. c4 bxc4 23. bxc4 Ne7 24. Rge1 Rf7 25. Kg1 Raf8 26. Re2 Nc6 27.
Qc2 Ke7 28. Qc3 Rf4 29. Rd2 Qf6 30. c5 Rf1+ 31. Rxf1 Qxf1+ 32. Kh2 Qf4+ 33. Kh1
Qg3 34. cxd6+ cxd6 35. Rd1 Kd7 36. Qc4 Rf2 37. Rg1 Qe3 38. Qxa6 Qa7 39. Qc4
Qxa2 40. Qe4 g6 41. Qe3 Rf4 42. Qb6 Qa7 43. Qb3 Nd4 44. Qg8 Kc6 45. Rc1+ Kb6
46. Qd8+ Kb5 47. Rb1+ Kc5 48. Qc8+ Nc6 49. Rc1+ Kb4 50. Qxc6 Qa2 51. Qb6+ Ka4
52. Rb1 Qxb1+ 53. Qxb1 Rb4 54. Qa2+ Kb5 55. Qd5+ Ka4 56. Qxd6 Rd4 57. Qxe5 Rxd3
58. Qe4+ Ka3 59. Qxd3+ Kb2 60. Kg1 Ka2 61. Kf2 h5 62. gxh5 gxh5 63. Qb5 Ka3 64.
Ke2 h4 65. Kd2 Ka2 66. Kc2 Ka3 67. Qa5# 1-0

[Event "DVM U14 2010"]
[Site "Magdeburg GER"]
[Date "2010.12.28"]
[Round "4"]
[White "Bay, Nicolai"]
[Black "Walczak, Charley"]
[Result "0-1"]
[Termination "normal"]
[Board "4.4"]
[WhiteElo "1024"]
[BlackElo "1131"]
[WhiteTeam "SC Eppingen"]
[BlackTeam "SV Dresden-Striessen 1990"]
[PlyCount "40"]
[WhiteFideId "12927619"]
[BlackFideId "12927686"]
[EventCountry "GER"]
[EventRounds "7"]
[EventType "team-swiss"]
[EventDate "2010.12.26"]

1. e4 e5 2. Nf3 Nc6 3. Bb5 Nd4 4. Nxd4 exd4 5. c3 c6 6. Ba4 Bc5 7. O-O Ne7 8.
b4 Bb6 9. Bb2 dxc3 10. Bxc3 d6 11. Qf3 Be6 12. Bxg7 Rg8 13. Bb2 Bg4 14. Qc3 Ng6
15. Qf6 Qxf6 16. Bxf6 Nf4 17. g3 Bf3 18. h4 Rxg3+ 19. Kh2 Rh3+ 20. Kg1 Rh1# 0-1

[Event "DVM U14 2010"]
[Site "Magdeburg GER"]
[Date "2010.12.28"]
[Round "4"]
[White "Jansen, Lauritz"]
[Black "Sawlin, Leonid"]
[Result "1/2-1/2"]
[Termination "normal"]
[Board "5.1"]
[WhiteElo "1790"]
[BlackElo "1940"]
[WhiteTeam "SG KK Hohentübingen"]
[BlackTeam "TuS Makkabi Berlin"]
[PlyCount "111"]
[WhiteFideId "4641418"]
[BlackFideId "4689542"]
[EventCountry "GER"]
[EventRounds "7"]
[EventType "team-swiss"]
[EventDate "2010.12.26"]

1. d4 c5 2. d5 e5 3. c4 d6 4. Nc3 f5 5. e4 Nf6 6. Qc2 Na6 7. a3 g6 8. f4 exf4
9. Bxf4 fxe4 10. Nxe4 Qe7 11. O-O-O Qxe4 12. Qxe4+ Nxe4 13. Re1 Bf5 14. g4
O-O-O 15. gxf5 Nf2 16. Bg5 Rd7 17. Bh3 Nxh1 18. f6 Nf2 19. Re8+ Kc7 20. Bxd7
Kxd7 21. f7 Ng4 22. Nf3 Nh6 23. Rd8+ Kc7 24. Be7 Nxf7 25. Rxf8 Rxf8 26. Bxf8
Kd7 27. Kd2 b5 28. b3 Nc7 29. h4 Ne8 30. Ng5 Ne5 31. Kc3 bxc4 32. bxc4 Nf6 33.
Bg7 Ke7 34. a4 Neg4 35. Kd3 h6 36. Ne6 Ne5+ 37. Kc3 Nf3 38. Bxh6 Nxh4 39. Bf4
Nf3 40. Kd3 Ng4 41. Ke4 Nfe5 42. Nxc5 Nxc4 43. Kd4 Nce5 44. Ne4 Nf3+ 45. Kc4
Nge5+ 46. Kb5 Nf7 47. Ka6 g5 48. Bg3 Kd7 49. Kxa7 Kc7 50. Nc3 Nd2 51. Nb5+ Kd7
52. a5 Nc4 53. a6 Kc8 54. Bh2 Ne3 55. Nc3 Nc4 56. Nb5 1/2-1/2

[Event "DVM U14 2010"]
[Site "Magdeburg GER"]
[Date "2010.12.28"]
[Round "4"]
[White "Lagunow, Elina"]
[Black "Müller, Nils Samuel"]
[Result "0-1"]
[Termination "normal"]
[Board "5.2"]
[WhiteElo "1759"]
[BlackElo "1665"]
[WhiteTeam "TuS Makkabi Berlin"]
[BlackTeam "SG KK Hohentübingen"]
[PlyCount "82"]
[WhiteFideId "4673387"]
[BlackFideId "24654361"]
[EventCountry "GER"]
[EventRounds "7"]
[EventType "team-swiss"]
[EventDate "2010.12.26"]

1. Nf3 Nf6 2. g3 g6 3. Bg2 Bg7 4. O-O d6 5. d3 O-O 6. Nbd2 e5 7. e4 Nc6 8. c3
Nd7 9. Nb3 Ne7 10. d4 f5 11. Qe2 fxe4 12. Qxe4 Nf6 13. Qe2 e4 14. Nfd2 d5 15.
f3 exf3 16. Nxf3 Nf5 17. Nc5 Re8 18. Qc2 b6 19. Nd3 Ba6 20. Bf4 Ng4 21. Rae1
Nge3 22. Qd2 Nxf1 23. Rxf1 Nd6 24. Nfe5 Ne4 25. Qc2 g5 26. Nf7 Qe7 27. Be5 Bxe5
28. Nfxe5 Rf8 29. Re1 Bxd3 30. Nxd3 Qf6 31. Nb4 Rad8 32. Nxd5 Rxd5 33. Bxe4 Rd7
34. Bg2 Re7 35. Rf1 Qe6 36. Rd1 Qe3+ 37. Kh1 Rf2 38. Qb3+ Kg7 39. Rg1 Rxg2 40.
Rxg2 Qf3 41. h3 Re2 0-1

[Event "DVM U14 2010"]
[Site "Magdeburg GER"]
[Date "2010.12.28"]
[Round "4"]
[White "Maurer, Noah"]
[Black "Lagunow, Raphael"]
[Result "0-1"]
[Termination "normal"]
[Board "5.3"]
[WhiteElo "1377"]
[BlackElo "1609"]
[WhiteTeam "SG KK Hohentübingen"]
[BlackTeam "TuS Makkabi Berlin"]
[PlyCount "46"]
[WhiteFideId "12920673"]
[BlackFideId "24652644"]
[EventCountry "GER"]
[EventRounds "7"]
[EventType "team-swiss"]
[EventDate "2010.12.26"]

1. e4 c5 2. Nf3 Nc6 3. d4 cxd4 4. Nxd4 g6 5. Be3 Bg7 6. Nc3 Nf6 7. Be2 O-O 8.
Nb3 b6 9. Qd2 Bb7 10. O-O-O Rc8 11. f4 d5 12. e5 Ne4 13. Qxd5 Nxc3 14. bxc3
Qxd5 15. Rxd5 Nxe5 16. Rd2 Nc4 17. Bxc4 Rxc4 18. Rg1 Rxc3 19. Rd7 Be4 20. Bd4
Rxc2+ 21. Kd1 Rxa2 22. Bxg7 Kxg7 23. Nd2 Ra1+ 0-1

[Event "DVM U14 2010"]
[Site "Magdeburg GER"]
[Date "2010.12.28"]
[Round "4"]
[White "Polutskyi, Sergii"]
[Black "Migesel, Philipp"]
[Result "1-0"]
[Termination "normal"]
[Board "5.4"]
[WhiteElo "1754"]
[BlackElo "1070"]
[WhiteTeam "TuS Makkabi Berlin"]
[BlackTeam "SG KK Hohentübingen"]
[PlyCount "76"]
[WhiteFideId "14129310"]
[BlackFideId "1270285"]
[EventCountry "GER"]
[EventRounds "7"]
[EventType "team-swiss"]
[EventDate "2010.12.26"]

1. d4 d5 2. c4 Nf6 3. Nc3 e6 4. Nf3 Nc6 5. Bg5 Be7 6. e3 O-O 7. Bd3 dxc4 8.
Bxc4 b6 9. O-O Bb7 10. Re1 Nd5 11. Bxe7 Ncxe7 12. e4 Nf4 13. Qd2 Neg6 14. Rad1
c5 15. Qe3 cxd4 16. Rxd4 Qc7 17. Red1 Rab8 18. Nb5 Qc5 19. Rc1 a6 20. Na3 Qe7
21. Nc2 Kh8 22. Rcd1 Rbd8 23. g3 Nh5 24. Ng5 Rxd4 25. Nxd4 b5 26. Bb3 h6 27.
Ngf3 e5 28. Nf5 Qc7 29. Nxh6 Nf6 30. Nf5 Bxe4 31. N5h4 Bxf3 32. Nxg6+ fxg6 33.
Qxf3 Rd8 34. Rxd8+ Qxd8 35. Kg2 a5 36. Bc2 Qe8 37. Qd3 Kg8 38. Bb3+ Kf8 {Rest
nicht nachvollziehbar} 1-0